Zahraničná politika Iránu v kontexte mocenských ambícií v regióne Perzského zálivu bakalárska práca

Enregistré dans:
Détails bibliographiques
Auteur principal: Virostko, Lukáš
Collectivité auteur: Fakulta medzinárodných vzťahov EU. Katedra medzinárodných politických vzťahov
Autres auteurs: Futó, Gilbert
Format: Livre
Langue:slovaque
Publié: Bratislava 2017
Tags: Ajouter un tag
Pas de tags, Soyez le premier à ajouter un tag!

MARC

LEADER 00000nbm a2200000 4500
001 0232113
005 20180223122700.1
041 0 |a slo 
044 |a SK 
245 1 0 |a Zahraničná politika Iránu v kontexte mocenských ambícií v regióne Perzského zálivu  |b bakalárska práca  |c Lukáš Virostko ; školiteľ: Gilbert Futó 
264 1 |a Bratislava  |c 2017 
300 |a 39 s. 
100 1 |a Virostko, Lukáš 
700 1 |a Futó, Gilbert 
710 2 |a Fakulta medzinárodných vzťahov EU. Katedra medzinárodných politických vzťahov